00564nam a22001817a 450000500170000001000150001702000260003202000230005803500140008103700130009508200110010810000220011924500550014126000390019627000760023530000270031150000440033820180320115412.0 aENG-122342 a9789387202078c680.00 a9387202078c680.00 aEN-105874 bDBAD/PUB a230.42 aVerma Ram Prakash aMeditation, yoga and sadhna/cby Ram Prakash Verma aDelhibPranjal book servicesc2018 a1/11126, 1st floor street no.-10 Subhash park, shahdarabDelhi e110032 a176p.c23cm.(HB)bill. aIt includes bibliography and references